| 000 | 03216nam0a2200397 4500 | ||
|---|---|---|---|
| 001 | RU\NLR\BIBL_A\011896738 | ||
| 005 | 20190313142352.0 | ||
| 010 |
_a978-5-906786-80-7 _925 |
||
| 021 |
_aRU _bКН-П-18-084646 _9КН-П-18-6128 |
||
| 035 | _a(NLR Aleph) 011896738 | ||
| 035 | _a(RuMoRGB)009799569 | ||
| 090 |
_a10861883 _c10861883 |
||
| 100 | _a20181220d2018 k y0rusy50 ca | ||
| 101 | 0 |
_arus _ager _aeng _afre |
|
| 102 | _aRU | ||
| 105 | _aa|||z|||100zy | ||
| 200 | 1 |
_aМир в зеркале языков: комплексная парадигма _dThe world through languages: complex paradigm _eIX Всероссийская научно-практическая студенческая конференция (г. Шахты, 20 апреля 2018 года) _eматериалы _fМинистерство образования и науки Российской Федерации, Институт сферы обслуживания и предпринимательства (филиал) Федерального государственного бюджетного образовательного учреждения высшего образования "Донской государственный технический университет" в г. Шахты Ростовской области (ИСОиП (филиал) ДГТУ в г. Шахты) _g[редакционная коллегия: к.п.н., доц. С.И. Ершова (председатель) и др.] _zeng |
|
| 210 |
_aШахты _cИСОиП (фил.) ДГТУ в г. Шахты _d2018 |
||
| 215 |
_a168, [1] с. _cил., табл. _d21 |
||
| 300 | _aЧасть текста на англ., фр., и нем. яз. | ||
| 313 | _aВ сборнике приведены результаты аналитических и научных исследований , выполненных студентами в рамках различных языковых секций | ||
| 320 | _aБиблиогр. в конце ст. | ||
| 510 | 1 |
_aThe world through languages: complex paradigm _zeng |
|
| 606 | 1 |
_aЯзыки _xНаучно-исследовательская работа студентов _jСъезды, совещания и т.п _2nlr_sh2 _3RU\NLR\AUTH\6601650451 |
|
| 606 | 1 |
_aОбщественные науки _jСъезды, совещания и т.п _2nlr_sh1 _2nlr_sh2 _3RU\NLR\AUTH\66119728 |
|
| 686 | 1 | _aЧ486.11/17(2Р)-268я431 | |
| 686 | 1 | _aС.я431 | |
| 702 | 1 |
_aЕршова _bС. И. _cканд. пед. наук _f1954- _gСветлана Ивановна _3RU\NLR\AUTH\7776240 _4340 |
|
| 711 | 1 | 2 |
_a"Мир в зеркале языков: комплексная парадигма", международная научно-практическая студенческая конференция _d9 _f2018 _eШахты _3RU\NLR\AUTH\880491770 |
| 712 | 0 | 2 |
_aИнститут сферы обслуживания и предпринимательства _cШахты _3RU\NLR\AUTH\880359712 _4475 |
| 942 | _cBOOK | ||
| 980 | _aNBR | ||
| 980 | _aNB | ||